000 00338nam a2200121Ia 4500
008 240731s9999 xx 000 0 und d
022 _a2054-4170
245 0 _aStanislavski Studies : Practice, Legacy, and Contemporary Theater
260 _bRoutledge
856 _uhttps://www.tandfonline.com/loi/rfst20
942 _2ddc
942 _cTFEJ
999 _c79540
_d79540
945 _a1
_bMadushi Gamage
_c1
_dMadushi Gamage